Form and argument in late Plato (Record no. 186922)

MARC details
000 -LEADER
fixed length control field 00729nam a2200229Ia 4500
008 - FIXED-LENGTH DATA ELEMENTS--GENERAL INFORMATION
fixed length control field 191130s1996##################000#0#eng##
020 ## - INTERNATIONAL STANDARD BOOK NUMBER
ISBN 9780199241422
082 ## - DEWEY DECIMAL CLASSIFICATION NUMBER
Classification number 184 GIL
245 ## - TITLE STATEMENT
Title Form and argument in late Plato
Statement of responsibility, etc edited by Christopher Gill and Mary Margaret McCabe
260 ## - PUBLICATION, DISTRIBUTION, ETC. (IMPRINT)
Place of publication Oxford
Name of publisher Clarendon Press ; Oxford University Press
Year of publication 1996
300 ## - PHYSICAL DESCRIPTION
Number of Pages x, 345 p. ; 22 cm
500 ## - GENERAL NOTE
General note Includes bibliographical references (p. [313]-323) and indexes
650 ## - SUBJECT ADDED ENTRY--TOPICAL TERM
Topical Term Imaginary conversations
Topical Term Plato
700 ## - ADDED ENTRY--PERSONAL NAME
Personal name Gill, Christopher
Personal name McCabe, Mary Margaret
991 ## -
-- 292889
Holdings
Withdrawn status Lost status Damaged status Not for loan Home library Current library Shelving location Date acquired Full call number Accession Number Price effective from Koha item type
        Anna Centenary Library Anna Centenary Library 3RD FLOOR, A WING 13.10.2020 184 GIL 182800 13.10.2020 English Books

Find us on the map